| Registos Bibliográficos associados ao registo de autoridade |
|
Etiqueta de registo: 00595cac 22001811 450 001 729619 003 http://id.bnportugal.gov.pt/bib/catbnp/729619 005 19990108000000.0 095 ## $aPTBN00516835 100 ## $a19931115d1942 km y0pory0103 ba 101 0# $apor 102 ## $aPT 200 1# $aVade-mecum de análise quimica qualitativa$fAníbal Noronha 210 #9 $aLisboa$cScientia,$d1942 215 ## $a84, [6] p.$d23 cm 482 #1 $1001730644$aMilheiros, -Mário, -1916-1973$cLuanda.Imprensa Nacional,$d1941$tDimensões auriculares e a platicefalia dos xinges e bangalas$5PTBN: S.A. 13387//1 V. 700 #1 $aNoronha,$bAnníbal,$fca 1915$3158738 801 #0 $aPT$bBN$gRPC 998 ## $aCR616-484
Etiqueta de registo: 00413cam 22001571i 450 001 1202519 003 http://id.bnportugal.gov.pt/bib/catbnp/1202519 100 ## $a20020102d1937 m y0pory0103 ba 101 0# $apor 102 ## $aPT 200 1# $aApontamentos de análise quimica qualitativa 210 #9 $a[S.l.$cs.n.,$d1937]$eLisboa:$gImp. Lucas & Ca.) 215 ## $a135, [1] p.$d23 cm 675 ## $a543.06(075.8)$vBN$zpor$31997502 702 #1 $aNoronha,$bAnníbal,$fca 1915$4220$3158738 801 #0 $aPT$bBN 801 #1 $aFR$bJOUVE 966 ## $lBN$mFGMON$sS.A. 11634 V.$x0
Etiqueta de registo: 00254nam 2200025 450 001 2212946 003 http://id.bnportugal.gov.pt/bib/catbnp/2212946 100 ## $a20250430f19301937m y0pory01030103ba 101 0# $apor 102 ## $aPT 105 ## $ay j 000yy 106 ## $ar 200 1# $aMacroanálise$esinais convencionais.$cApontamentos de análise química qualitativa$fcoord. Annibal Noronha 210 #9 $aLisboa$cImprensa Lucas & Cia,$d[193-?] 215 ## $a124, 183, [1] p.$d23 cm 312 ## $aTít. da lombada: Análise química: catiões, aniões 317 ## $aBiblioteca Matilde Rosa Araújo$5PTBN: S.A. 193782 V. 516 1# $aAnálise química$ecatiões, aniões 517 1# $aApontamentos de análise química qualitativa 675 ## $a543.06(075.8)$vBN$zpor$31997502 702 #1 $aNoronha,$bAnníbal,$fca 1915$4340$3158738 801 #0 $aPT$bBN$gRPC 966 ## $lBN$mFGMON$pBiblioteca Matilde Rosa Araújo$sS.A. 193782 V.$x3 971 ## $casantos$d20250430 972 ## $e0$z0$d20260601$vlrevez 973 ## $cigoulao$d20260504
|
|
|